Brian Eno Discography - Statistics

General Stats
  • This quiz has been taken 18 times
    6 since last reset
  • The average score is 8 of 75
Answer Stats
Type Year Name % Correct
Album 1978 Ambient 1: Music for Airports
80%
Album 1975 Another Green World
80%
Collaborative Album 1980 Ambient 2: The Plateaux of Mirror
60%
Album 1982 Ambient 4: On Land
60%
Album 1983 Apollo: Atmospheres and Soundtracks
60%
Album 1974 Taking Tiger Mountain
60%
Album 1977 Before and After Science
40%
Album 1975 Discreet Music
40%
Album 1974 Here Come the Warm Jets
40%
Collaborative Album 1981 My Life in the Bush of Ghosts
40%
Collborative Album 1973 (No Pussyfooting)
40%
Collaborative Album 1975 Evening Star
20%
Album 1978 Music for Films
20%
Collaborative Album 1988 Music for Films III
20%
Album 1983 Music for Films Volume 2
20%
Compilation 2018 Music for Installations
20%
Album 1993 Neroli
20%
Album 1992 Nerve Net
20%
Collaborative Album 1984 The Pearl
20%
Album 1992 The Shutov Assembly
20%
Video Album 1985 Thursday Afternoon
20%
Collaborative Album 1990 Wrong Way Up
20%
Video Album 2005 14 Video Paintings
0%
Video Album 2006 77 Million Paintings
0%
Video Album 2007 77 Million Paintings Second Revised Edition
0%
Collaborative Album 1978 After the Heat
0%
EP 1992 Ali Click
0%
Album 2005 Another Day on Earth
0%
Compilation 1984 Begegnungen
0%
Compilation 1985 Begegnungen II
0%
Collaborative Compilation 2007 Beyond Even (1992-2006)
0%
Collaborative Album 1977 Cluster & Eno
0%
Album 2001 Compact Forest Proposal: 5 Studies for "010101", San Francisco Museum of Modern Art, 2001
0%
Compilation 2003 Curiosities Volume 1
0%
Compilation 2005 Curiosities Volume II
0%
Compilation 1986 Desert Island Selection
0%
Compilation 2001 Drawn from Life
0%
Collaborative Album 2011 Drums Between the Bells
0%
Collaborative Album 2008 Everything That Happens Will Happen Today
0%
Album 1997 Extracts from Music for White Cube, London 1997
0%
Collaborative Album 2017 Finding Shore
0%
Collaborative Album 1980 Fourth World, Vol. 1: Possible Musics
0%
EP 1992 Fractal Zoom
0%
Album 1994 Headcandy
0%
Collaborative Album 2014 High Life
0%
Album 1998 I Dormienti
0%
Video Album 1989 Imaginary Landscapes
0%
Collaborative Album 1979 In a Land of Clear Colours
0%
Album 2003 January 07003: Bell Studies for the Clock of the Long Now
0%
Video Album 1977 Jubilee
0%
Live Album 1974 June 1, 1974
0%
Album 1999 Kite Stories
0%
Collaborative Album 1974 Lady June's LInguistic Leprosy
0%
Album 1998 Lightness: Music for the Marble Place - The State Russian Museum, St. Petersburg
0%
Album 2012 Lux
0%
Album 2010 Making Space
0%
Video Album 1981 Mistaken Memories of Mediaeval Manhattan
0%
Collaborative Album 2020 Mixing Colours
0%
Compilation 1986 More Blank Than Frank
0%
Compilation 1981 Music for Airplay
0%
Compilation 2000 Music for Onmyo-Ji
0%
Album 2000 Music for the Civic Recovery Centre
0%
Compilation 1985 Old Land
0%
Collaborative Album 1995 Original Soundtracks 1
0%
Collaborative Album 2011 Panic of Looking
0%
Album 2017 Reflection
0%
Collaborative Album 2010 Small Craft on a Milk Sea
0%
Collaborative Album 2014 Someday World
0%
Compilation 1999 Sonora Portraits
0%
Collaborative Album 1995 Spinner
0%
Album 1997 The Drop
0%
Collaborative Album 2004 The Equatorial Stars
0%
Album 2016 The Ship
0%
Compilation 1997 Tracks and Traces
0%
Compilation 1983 Working Backwards 1983-1973
0%
No matching quizzes found
Score Distribution
Percent of People with Each Score
Percentile by Number Answered
Your Score History
You have not taken this quiz since the last reset